| 000 | 01168nam a2200325Ia 4500 | ||
|---|---|---|---|
| 001 | 48082 | ||
| 003 | IT-RoPAU | ||
| 008 | 130308s9999 xx 000 0 und d | ||
| 040 | _aIT-RoPAU | ||
| 040 | _cIT-RoPAU | ||
| 041 | _aITALIANO | ||
| 100 | _aCastaldo Gino | ||
| 100 | _gCodice Aut. SPICS: 18354 | ||
| 245 | _aMuzak-I cantautori, il pop, il jazz e il rock: gli anni '70 nell'antologia di una rivista di musicaccia | ||
| 245 | _bMuzak-I Cantautori, Il Pop, Il Jazz e Il Rock: gli Anni '70 nell'Antologia di una rivista di Musicaccia | ||
| 250 | _a1a ed. | ||
| 260 | _aROMA | ||
| 260 | _bSavelli | ||
| 260 | _c1978 [1° Ed.:1978 - Ed.Ling.Originale:1978] | ||
| 300 | _a"176 p. (prefazione: no ; testo: 176)" | ||
| 500 | _aPortelli Alessandro Mariani B. Antologia di una rivista di Musicaccia Frank Zappa Edgard Varese Musica totale Emerson Lake Palmer Musica Elp Pink Floyd Area Hard Rock Musica Pop | ||
| 650 | _aGENERI MUSICALI | ||
| 650 | _eCodice materia Spics: 7010 | ||
| 700 | _aDessì SimonePintor Giaime | ||
| 700 | _gCodice Aut. SPICS: 7260Codice Aut. SPICS: 2546 | ||
| 942 | _cBK | ||
| 957 | _71 | ||
| 999 |
_c74264 _d74264 |
||
| 999 | _bSI | ||
| 999 | _g1 | ||